000 00523nam a2200169Ia 4500
999 _c5553
_d5553
003 OSt
005 20200130150201.0
008 190216s9999||||xx |||||||||||||| ||und||
020 _a0074602942
040 _coclc
082 _a005.7405
_bPRA/I
100 _a Prakash, Naveen
_91413
245 0 _aIntroduction To Data Base Management /
_cNaveen Prakash
260 _bTata Mcgraw Hill Publishing Company Ltd,
_c1991.
_aNew Delhi:
300 _a304p
942 _cBK
_2ddc
_h005.7405
_iPRA/I
_k005.7405
_mPRA/I